000 00409nam a2200169Ia 4500
001 15785
003 IN-NITTTR
005 20251114233149.0
008 251113s9999||||xx |||||||||||||| ||eng||
040 _beng
040 _cIN-NITTTR
041 _aeng
082 _a621.3819533 I8V
100 _aIsailovic, Jordan
245 0 _aVideodisc and optical memory systems. /
_cIsailovic, Jordan
942 _2ddc
_cBK
999 _c18419
_d18419